The thieves of Tyburn Square / (Record no. 5282)
[ view plain ]
| 000 -LEADER | |
|---|---|
| fixed length control field | 01025nam a22003017a 4500 |
| 001 - CONTROL NUMBER | |
| control field | 5282 |
| 003 - CONTROL NUMBER IDENTIFIER | |
| control field | FISKH |
| 005 - DATE AND TIME OF LATEST TRANSACTION | |
| control field | 20260304123141.0 |
| 008 - FIXED-LENGTH DATA ELEMENTS--GENERAL INFORMATION | |
| fixed length control field | 241122b cb ||||| |||| 00| 0 eng d |
| 020 ## - INTERNATIONAL STANDARD BOOK NUMBER | |
| International Standard Book Number | 1556614705 |
| 040 ## - CATALOGING SOURCE | |
| Original cataloging agency | FISKH |
| Language of cataloging | eng |
| Transcribing agency | FISKH |
| Modifying agency | FISKH |
| 050 ## - LIBRARY OF CONGRESS CALL NUMBER | |
| Classification number | PZ7.J132418 |
| 082 ## - DEWEY DECIMAL CLASSIFICATION NUMBER | |
| Classification number | 813.54 |
| 100 ## - MAIN ENTRY--PERSONAL NAME | |
| Personal name | Jackson, Dave |
| 245 ## - TITLE STATEMENT | |
| Title | The thieves of Tyburn Square / |
| Statement of responsibility, etc. | by Dave & Neta Jackson |
| 260 ## - PUBLICATION, DISTRIBUTION, ETC. | |
| Place of publication, distribution, etc. | Minnepolis : |
| Name of publisher, distributor, etc. | Bethany House Publishers ; |
| Date of publication, distribution, etc. | 1995 . |
| 300 ## - PHYSICAL DESCRIPTION | |
| Extent | 141 pages : |
| Other physical details | illustrations ; |
| Dimensions | 21 cm . |
| 490 ## - SERIES STATEMENT | |
| Series statement | Trailblazer Books |
| Volume/sequential designation | Book 11 |
| 505 ## - FORMATTED CONTENTS NOTE | |
| Formatted contents note | S <br/> |
| 520 ## - SUMMARY, ETC. | |
| Summary, etc. | In 1817 a teenage brother and sister are relieved from the abuses of Newgate Prison in London by the prison reform efforts of Quaker minister Elizabeth Fry. |
| 521 8# - TARGET AUDIENCE NOTE | |
| Target audience note | 790 <br/> |
| Source | Lexile estimate <br/> |
| 521 8# - TARGET AUDIENCE NOTE | |
| Target audience note | S <br/> |
| Source | Raz-Plus <br/> |
| 650 ## - SUBJECT ADDED ENTRY--TOPICAL TERM | |
| Topical term or geographic name entry element | Fry , Eluzabeth Gurney , 1780-1845 |
| Form subdivision | Juvenile Fiction |
| 650 ## - SUBJECT ADDED ENTRY--TOPICAL TERM | |
| Topical term or geographic name entry element | Newgate |
| Form subdivision | Fiction |
| 700 ## - ADDED ENTRY--PERSONAL NAME | |
| Personal name | Jackson, Julian |
| Relator term | illustrator |
| 942 ## - ADDED ENTRY ELEMENTS (KOHA) | |
| Source of classification or shelving scheme | Dewey Decimal Classification |
| Koha item type | Books |
| Suppress in OPAC | No |
| Withdrawn status | Lost status | Source of classification or shelving scheme | Damaged status | Not for loan | Collection | Home library | Current library | Shelving location | Date acquired | Total Checkouts | Full call number | Barcode | Date last seen | Date last checked out | Price effective from | Koha item type |
|---|---|---|---|---|---|---|---|---|---|---|---|---|---|---|---|---|
| Dewey Decimal Classification | Fiction | Footprints International School Library Network Toul Tom Poung Campus | Footprints International School Library Network Toul Tom Poung Campus | TTP Secondary Fiction Bookshelves | 11/22/2024 | 1 | JAC 813.54 PZ7.J132418 | FISBK00644 | 01/09/2026 | 10/14/2025 | 11/22/2024 | Books |
